000 00728nam a2200229 a 4500
003 DO-SdBNP
005 20221026144146.0
007 ta
008 221025e2015 dr a|||b |||| 001 0 spa d
040 _aDO-SdBNP
_bspa
_cBNPHU
082 4 _222
_bA257m 2015
245 0 0 _aAfianzando mi fe:
_b4to grado de primaria. /
_cCompilador, Lucero Mañón
250 _a4ta. ed.
_bEdición revisada
260 _aSanto Domingo :
_bSt Michael´s School,
_c2015
300 _a87 p. :
_bil. ;
_c28 cm.
504 _aBibliografía: p. 86
590 _aInventariado 2022 / MF
650 4 _976956
_aEducación religiosa
_xLibros texto
_zRepública Dominicana
700 1 _aMañón, Lucero
_ecomp.
_982594
910 _aMFeliz
942 _2ddc
_cLBS1
999 _c52635
_d52635